000 00440nam a2200205Ia 4500
001 109638
003 YMCAF
005 20230512162358.0
008 100717s2002 ||||||||||||||||| ||und|d
024 _a109638
035 _aWB625
040 _aYMCAF
_beng
_cIN-KoLT
041 _aeng
082 _a005.133C
_bKUM
100 _aKumar, Ram
245 0 _aProgramming in Ansi C
260 _bTMH
_c2002
300 _a452
942 _2ddc
_cBK
999 _c11574
_d11574